| 000 | 01882nam0a22003371 4500 | ||
|---|---|---|---|
| 001 | v19\rc\1836336 | ||
| 005 | 20260503053247.0 | ||
| 035 | _a(NLR Aleph) 005255274 | ||
| 090 |
_a5845308 _c5845308 |
||
| 100 | _a20071224d1908 |||y0rusy50 ca | ||
| 101 | 0 | _arus | |
| 102 | _aRU | ||
| 105 | _ay z ||||| | ||
| 200 | 1 |
_aКраткий повторительный курс новой истории _eСост. по учеб.: Виноградова, Иванова, Иловайского и Кареева А. М-с |
|
| 210 |
_aКиев _cкн. маг. С.И. Иванова _d1908 |
||
| 215 |
_a216 с. _d12 |
||
| 225 | 1 |
_aСерия учебных пособий _v3 |
|
| 300 | _aАвт. установлен по изд.: Рус. аноним. и подпис. псевд. произведения печати, 1801-1926. Л., 1977. Вып. 1. С. 142; по аналогии с др. его произведениями | ||
| 700 | 1 |
_4220 _aМирлес _bА. А. _f1879- _gАлександр Акимович _9127611 _3RU\NLR\AUTH\770127636 |
|
| 702 | 1 |
_4100 _7ca _8rus _aИванов _bК. А. _cисторик _f1858-1919 _gКонстантин Алексеевич _921362 _3RU\NLR\AUTH\7738378 |
|
| 702 | 1 |
_4100 _7ca _8rus _aИловайский _bД. И. _cисторик _f1832-1920 _gДмитрий Иванович _93656 _3RU\NLR\AUTH\7720588 |
|
| 702 | 1 |
_4100 _7ca _8rus _aКареев _bН. И. _f1850-1931 _gНиколай Иванович _9116394 _3RU\NLR\AUTH\776440 |
|
| 702 | 1 |
_4100 _7ca _8rus _aВиноградов _bП. Г. _cисторик _f1854-1925 _gПавел Гаврилович _945850 _3RU\NLR\AUTH\7762920 |
|
| 790 | 1 |
_9z01700 _aМ-с _bА. _f1879- |
|
| 801 | 0 |
_aRU _bNLR _c20071224 _gpsbo |
|
| 801 | 0 |
_aRU _bRuMoRGB _c20071224 _2psbo |
|
| 801 | 1 |
_aRU _bProSoft-M _c20071224 _2rusmarc |
|
| 801 | 2 |
_aRU _bNLR _c20080314 _2rusmarc |
|
| 852 |
_aNLR _j38.35.8.23 |
||
| 942 | _cBOOK | ||
| 980 | _aNB | ||